| 000 | 00809cab a2200241 4500 | ||
|---|---|---|---|
| 001 | ABS52647 | ||
| 008 | 090401t1995 xxu||||| |||| 00| 0 eng d | ||
| 035 | _a(Sirsi) u88467 | ||
| 041 | _aeng | ||
| 100 | _aDulaimi, M. | ||
| 245 | 4 | _aThe challenge of innovation in construction | |
| 260 | _c1995 | ||
| 350 | _a0 | ||
| 490 |
_aBuilding Research and Information _v23(2) 1995, 87-91(5) |
||
| 520 | _aInitial results of a study in R&D in the UK construction industry highlight a lack of appreciation of the need to invest in R&D and the waste of ideas and resources in not having a recognised R&D system. | ||
| 650 | _aCONSTRUCTION INDUSTRY | ||
| 650 | _aINNOVATION | ||
| 650 | _aRESEARCH AND DEVELOPMENT | ||
| 650 | _aRESEARCH | ||
| 690 | _aBUILT ENVIRONMENT | ||
| 942 | _n0 | ||
| 948 | _c04/03/1997 | ||
| 999 |
_c55888 _d55888 |
||